000 00351pab a2200157 454500
008 180718b2007 xxu||||| |||| 00| 0 eng d
100 _aShyam Chand
245 _aRam Setu: myth or reality?
260 _c2007
300 _ap.8-11.
362 _a28 Sep
650 _aSethusamudram project
773 _aMainstream
908 _aN
909 _a76039
999 _c76039
_d76039